| 000 | 00677cam a2200229 4500500 | ||
|---|---|---|---|
| 005 | 20260329004435.0 | ||
| 041 | _afre | ||
| 042 | _adc | ||
| 100 | 1 | 0 |
_aHouriez, Marie-Gabrielle _eauthor |
| 245 | 0 | 0 | _aEt Nietzsche créa la danse contemporaine |
| 260 | _c2019. | ||
| 500 | _a25 | ||
| 690 | _aAngelin Preljocaj | ||
| 690 | _aDanse | ||
| 690 | _aIsadora Duncan | ||
| 690 | _aMartha Graham | ||
| 690 | _aModernité | ||
| 690 | _aMouvement | ||
| 690 | _aNietzsche | ||
| 786 | 0 | _nPhilosophie magazine | 135 | 12 | 2019-12-01 | p. 13-15 | 1951-1787 | |
| 856 | 4 | 1 | _uhttps://shs.cairn.info/magazine-philosophie-magazine-2019-12-page-13?lang=fr&redirect-ssocas=7080 |
| 999 |
_c1833858 _d1833858 |
||